| 000 | 01241nam a2200373 i 4500 | ||
|---|---|---|---|
| 001 | 12407 | ||
| 003 | KOSZ 005 | ||
| 005 | 20230127122700.0 | ||
| 008 | 071001s1966 pl a f 001 0 pol | ||
| 015 | _aPB 1967/54 | ||
| 040 |
_aWA N _cWA N _dKOSZ 005/RW _dKOSZ 005/HR |
||
| 041 | 1 |
_apol _heng |
|
| 046 | _k1966 | ||
| 080 | _a621.3 | ||
| 100 | 1 |
_aSoohoo, Ronald F. _eAutor |
|
| 245 | 1 | 0 |
_aTeoria i zastosowania ferrytów / _cRonald F. Soohoo ; [przeł. Zenon Krzycki]. |
| 246 | 1 |
_iTyt. oryg. : _aTheory and application of ferrites. |
|
| 260 |
_aWarszawa : _bPaństwowe Wydawnictwo Naukowe, _c1966. |
||
| 300 |
_a290, [1] s. : _bil., err. ; _c24 cm. |
||
| 336 |
_2rdacontent _aTekst _btxt |
||
| 337 |
_2rdamedia _aBez urządzenia pośredniczącego _bn |
||
| 338 |
_2rdacarrier _aWolumin _bnc |
||
| 380 | _aKsiążki | ||
| 388 | _a1901-2000 | ||
| 388 | _a1945-1989 | ||
| 504 | _aIndeks. | ||
| 650 | 4 | _aFerryty | |
| 658 | _aChemia | ||
| 658 | _aInżynieria i technika | ||
| 700 | 1 |
_aKrzycki, Zenon _eTłumaczenie |
|
| 710 | 2 |
_aPaństwowe Wydawnictwo Naukowe _4pbl. |
|
| 856 |
_uhttp://koha.tu.koszalin.pl/cgi-bin/koha/opac-detail.pl?biblionumber=12407 _yKatalog online BPK |
||
| 942 |
_2UKD _cKS |
||
| 999 |
_c12407 _d12407 |
||